000 00718cam a22002413a 4500
001 18767
003 PGUSA
005 20140828083411.0
008 060706s2006||||xxu|||||s|||||000 | eng d
040 _aPGUSA
_beng
042 _adc
050 4 _aQL
100 1 _aWoodworth, Francis C.
_q(Francis Channing),
_d1812-1859
245 1 0 _aStories about Animals :
_bwith Pictures to Match
_h[electronic resource] /
_cFrancis C. Woodworth
260 _bProject Gutenberg,
_c2006
506 _aPublic domain in the USA.
516 _aElectronic text
653 _aAnimals -- Folklore
653 _aAnimal behavior
830 0 _aProject Gutenberg
_v18767
856 4 0 _uhttp://www.gutenberg.org/ebooks/18767
942 _cEB
999 _c248022
_d248022